Logo du monde du livre 2 - Statistiques

Statistiques générales
  • Ce quiz a été pris 10 fois
  • Le résultat moyen est 13 sur 25
Statistiques - réponses
Par images Réponse % Correct
Éditions Zulma
100%
Gouincourt
100%
Penguin Books
100%
Union Distribution
100%
Éditions Les Liens qui Libèrent
80%
Editis
80%
Festival America
80%
Festival de la Bande Dessinée d'Angoulême
80%
Urban Comics
80%
La Ville Brûle
60%
Prix Vendredi
60%
Éditions du Centre Pompidou
40%
Éditions La Découverte
40%
Éditions La Lenteur
40%
Premier Parallèle
40%
Salon du Livre et de la Presse Jeunesse
40%
Éditions de l'Arbre vengeur
20%
Éditions Le Sabot
20%
Festival Quai des bulles
20%
Les éditions Harlequin
20%
Quais du polar
20%
Serendip-Livres
20%
Voolume
20%
Éditions &H
0%
Éditions La Peuplade
0%
Aucun quiz correspondant
Distribution des résultats
% des personnes avec chaque résultat
Percentile par nombre de réponses
Votre historique - résultats
Vous n’avez pas pris ce quiz